000 00921nam a2200241Ia 4500
003 OSt
005 20220923221555.0
006 a|||||r|||| 00| 0
007 ta
008 220922b |||||||| |||| 00| 0 hin d
024 _a198,299
037 _cTextual
040 _aARTS
_cARTS
_bhin
041 _2hin
_ahin
082 _aP152:g(y), L6-;1
100 _aश्री वास्तव, रवीन्द्रनाथ; सहाय, रमानाथ
_9165464
245 0 _aहिन्दी का सामाजिक सदर्भ
246 _aHindī kā sāmājik sadarbha
260 _aआगरा
_b केन्द्रीय हिन्दी संस्थान
_c1976
300 _a296पृ.
_ccm.
942 _hP152:g(y), L6-;1
_cTEXL
_2CC
999 _c350145
_d350145